000
00238nam a22001097a 4500
040
_c
HS
082
_a
630
100
_a
NA
245
_a
Grain science and processing kyoko saio JICA senior volunteer
260
_a
RUA
_b
NA
_c
2004
942
_c
EK
999
_c
8548
_d
8548